Tribology in Industries (Record no. 18487)

MARC details
000 -LEADER
fixed length control field 00463nam a22001817a 4500
005 - DATE AND TIME OF LATEST TRANSACTION
control field 20230530130508.0
008 - FIXED-LENGTH DATA ELEMENTS--GENERAL INFORMATION
fixed length control field 230524b |||||||| |||| 00| 0 eng d
020 ## - INTERNATIONAL STANDARD BOOK NUMBER
ISBN 9788121920450
082 ## - DEWEY DECIMAL CLASSIFICATION NUMBER
Classification number 621.89
Item number SRI-T
100 ## - MAIN ENTRY--AUTHOR
Author Name Srivastava;Sushil Kuma.ER
245 ## - TITLE STATEMENT
Title Tribology in Industries
260 ## - PUBLICATION, DISTRIBUTION, ETC.
Place of Publication India
Name of publisher, distributor, etc. S.Chand & Co.
Date of publication, distribution, etc. 2014
300 ## - PHYSICAL DESCRIPTION
Pages 262
500 ## - GENERAL NOTE
General note Includes Index
650 ## - SUBJECT ADDED ENTRY--TOPICAL TERM
Subject / Department Engineering
700 ## - ADDED ENTRY--PERSONAL NAME
Personal name Er.Sushil Kumar Srivastava
952 ## - LOCATION AND ITEM INFORMATION (KOHA)
-- 0
-- 0
Holdings
Lost status Damaged status Permanent Location Current Location Shelving Location Date acquired Full Call Number Accession No./Barcode Date last seen item type
    Superior Information Resource Center (SIRC) Superior University- Central Library Superior Information Resource Center (SIRC) Superior University- Central Library Engineering 05/24/2023 621.89 SRI-T 2011 15412 05/24/2023 BOOK

Powered by Koha